00390nam a2200145 a 4500008004100000020001500041050001300056100001800069245003100087246008200118260000900200350000900209650000800218650001800226120416s1985 xx |||||||||||||| || u a0521463343 aK 87 Lys aLyster, Simon10aInternational wildlife law aan analysis of international treaties concerned with conservation of wildlife c1985 a0.00 aLAW aLAW--WILDLIFE